| 000 | 00773nam a2200205 a 4500 | ||
|---|---|---|---|
| 001 | 22794 | ||
| 003 | CO-ViMGA | ||
| 008 | 141112s2004 ck r 000 u spa d | ||
| 040 |
_aCO-ViMGA _bspa _cCO-ViMGA |
||
| 082 | 0 | 4 | _a352.086 B135g |
| 100 | 1 |
_aBaena Benitéz, Martha Nubia _932573 |
|
| 245 | 1 | 0 | _aGuía práctica del personero municipal |
| 260 |
_aColombia : _bBiblioteca Juridica Dike |
||
| 300 | _a102p. | ||
| 505 | _aPersoneri y democratizacion, El perosnero como defensor del pueblo, mecanismos alternos de responsabilidad, Modelos de formatos para imponer una accion de tutela | ||
| 650 | 1 | 4 |
_aADMINISTRACION MUNICIPAL - COLOMBIA _922502 |
| 650 | 1 | 4 |
_aPROCESOS MUNICIPALES - COLOMBIA _932574 |
| 650 | 1 | 4 |
_aVEEDURIA CIUDADANA - COLOMBIA _918786 |
| 942 |
_2ddc _cBK |
||
| 999 |
_c31091 _d31091 |
||